Excel para contadores y administradores (Registro nro. 11933)

Detalles MARC
000 -Cabecera
Campo de control de longitud fija 00896ntm a22003377a 4500
005 - Fecha y hora de la última transacción
Campo de control 20250701122440.0
008 - Elementos de longitud fija--Información general
Campo de control de longitud fija 190524b2015 xxu||||| |||| 00| 0 spa d
020 ## - International Standard Book Number
Número Internacional Estándar del Libro (ISBN) 9789587719284
041 ## - Idioma
Código de idioma Español
082 ## - Clasificación Decimal Dewey
Número de clasificación 005.54 M385e
100 ## - Entrada principal--Autor personal
Nombre personal Martínez Santana, Rogelio
245 ## - Título propiamente dicho
Título Excel para contadores y administradores
260 ## - Pie de imprenta
Lugar de publicación, distribución, etc. Colombia
260 ## - Pie de imprenta
Nombre del editor, distribuidor, etc. ECOE EDICIONES
260 ## - Pie de imprenta
Fecha de publicación, distribución, etc. 2020
300 ## - Descripción física
Extensión 249 páginas
490 ## - Serie
Título de la Serie Dirección y Administración de Empresas
490 ## - Serie
Título de la Serie Secretariado Ejecutivo
490 ## - Serie
Título de la Serie Tecnologías de la Información
650 ## - Materia general
Temática (materia general) EXCEL
650 ## - Materia general
Temática (materia general) CONTABILIDAD
650 ## - Materia general
Temática (materia general) CELDAS PERSONALIZADAS
650 ## - Materia general
Temática (materia general) RANGOS
650 ## - Materia general
Temática (materia general) GRÁFICOS
650 ## - Materia general
Temática (materia general) FUNCIONES DE TEXTO
650 ## - Materia general
Temática (materia general) FUNCIONES LÓGICAS
650 ## - Materia general
Temática (materia general) FUNCIONES FINANCIERAS
650 ## - Materia general
Temática (materia general) VALIDACIÓN DE CELDAS
650 ## - Materia general
Temática (materia general) TABLAS
942 ## - Punto de acceso adicional KOHA
Tipo de ítem KOHA Libro
Fuente del sistema de clasificación o colocación Dewey Decimal Classification
Existencias
Signatura completa Código de barras Programa Académico Tipo de ítem
005.54 M385e 25433   Libro